<?xml version="1.0" encoding="UTF-8"?>
<record
    xmlns:xsi="http://www.w3.org/2001/XMLSchema-instance"
    xsi:schemaLocation="http://www.loc.gov/MARC21/slim http://www.loc.gov/standards/marcxml/schema/MARC21slim.xsd"
    xmlns="http://www.loc.gov/MARC21/slim">

  <leader>00551nam a22001577a 4500</leader>
  <controlfield tag="003">OSt</controlfield>
  <controlfield tag="005">20151104084238.0</controlfield>
  <controlfield tag="008">151104b        xxu||||| |||| 00| 0 eng d</controlfield>
  <datafield tag="040" ind1=" " ind2=" ">
    <subfield code="c">RUA</subfield>
  </datafield>
  <datafield tag="082" ind1=" " ind2=" ">
    <subfield code="a">FOR&#x1785;&#x17D0;&#x1793;&#x17D2;&#x1791; 1995 B121 Or.1</subfield>
  </datafield>
  <datafield tag="100" ind1=" " ind2=" ">
    <subfield code="9">3301</subfield>
    <subfield code="a">&#x1785;&#x17D0;&#x1793;&#x17D2;&#x1791; &#x1794;&#x17C9;&#x17BB;&#x178E;&#x17D2;&#x178E;&#x17B7;&#x1780;&#x17B6;</subfield>
  </datafield>
  <datafield tag="245" ind1=" " ind2=" ">
    <subfield code="a">&#x179F;&#x17B7;&#x1780;&#x17D2;&#x179F;&#x17B6;&#x1780;&#x1798;&#x17D2;&#x1798;&#x179C;&#x17B7;&#x1792;&#x17B8;&#x17A2;&#x1797;&#x17B7;&#x179C;&#x178C;&#x17D2;&#x178D;&#x1793;&#x17CD;&#x1796;&#x17D2;&#x179A;&#x17C3;&#x1788;&#x17BE;&#x178F;&#x17B6;&#x1798;&#x179A;&#x17BC;&#x1794;&#x1797;&#x17B6;&#x1796;&#x179F;&#x17A0;&#x1782;&#x1798;&#x1793;&#x17CD;&#x1796;&#x17D2;&#x179A;&#x17C3;&#x1788;&#x17BE;</subfield>
  </datafield>
  <datafield tag="260" ind1=" " ind2=" ">
    <subfield code="a">Phnom Penh</subfield>
    <subfield code="b">RUA</subfield>
    <subfield code="c">1995</subfield>
  </datafield>
  <datafield tag="300" ind1=" " ind2=" ">
    <subfield code="a">66p.</subfield>
    <subfield code="b">ill.</subfield>
    <subfield code="c">29cm.</subfield>
  </datafield>
  <datafield tag="942" ind1=" " ind2=" ">
    <subfield code="2">ddc</subfield>
    <subfield code="c">FOR</subfield>
  </datafield>
  <datafield tag="999" ind1=" " ind2=" ">
    <subfield code="c">3081</subfield>
    <subfield code="d">3081</subfield>
  </datafield>
  <datafield tag="952" ind1=" " ind2=" ">
    <subfield code="0">0</subfield>
    <subfield code="1">0</subfield>
    <subfield code="2">ddc</subfield>
    <subfield code="4">0</subfield>
    <subfield code="6">FOR_&#x1785;&#x1793;&#x1791;_1995_000000000000000_B121_OR_1</subfield>
    <subfield code="7">0</subfield>
    <subfield code="9">14575</subfield>
    <subfield code="a">LBB</subfield>
    <subfield code="b">LBB</subfield>
    <subfield code="c">B121</subfield>
    <subfield code="d">2015-11-04</subfield>
    <subfield code="o">FOR &#x1785;&#x17D0;&#x1793;&#x17D2;&#x1791; 1995 B121 Or.1</subfield>
    <subfield code="p">RUA010558</subfield>
    <subfield code="r">2015-11-04</subfield>
    <subfield code="w">2015-11-04</subfield>
    <subfield code="y">FOR</subfield>
  </datafield>
  <datafield tag="952" ind1=" " ind2=" ">
    <subfield code="0">0</subfield>
    <subfield code="1">0</subfield>
    <subfield code="2">ddc</subfield>
    <subfield code="4">0</subfield>
    <subfield code="6">FOR_&#x1785;&#x1793;&#x1791;_1995_000000000000000_B121_OR_2</subfield>
    <subfield code="7">0</subfield>
    <subfield code="9">14576</subfield>
    <subfield code="a">LBB</subfield>
    <subfield code="b">LBB</subfield>
    <subfield code="c">B121</subfield>
    <subfield code="d">2015-11-04</subfield>
    <subfield code="o">FOR &#x1785;&#x17D0;&#x1793;&#x17D2;&#x1791; 1995 B121 Or.2</subfield>
    <subfield code="p">RUA027781</subfield>
    <subfield code="r">2015-11-04</subfield>
    <subfield code="w">2015-11-04</subfield>
    <subfield code="y">FOR</subfield>
  </datafield>
  <datafield tag="952" ind1=" " ind2=" ">
    <subfield code="0">0</subfield>
    <subfield code="1">0</subfield>
    <subfield code="2">ddc</subfield>
    <subfield code="4">0</subfield>
    <subfield code="6">FOR_&#x1785;&#x1793;&#x1791;_1995_000000000000000_B121_OR_3</subfield>
    <subfield code="7">0</subfield>
    <subfield code="9">14577</subfield>
    <subfield code="a">LBB</subfield>
    <subfield code="b">LBB</subfield>
    <subfield code="c">B121</subfield>
    <subfield code="d">2015-11-04</subfield>
    <subfield code="o">FOR &#x1785;&#x17D0;&#x1793;&#x17D2;&#x1791; 1995 B121 Or.3</subfield>
    <subfield code="p">RUA027709</subfield>
    <subfield code="r">2015-11-04</subfield>
    <subfield code="w">2015-11-04</subfield>
    <subfield code="y">FOR</subfield>
  </datafield>
  <datafield tag="952" ind1=" " ind2=" ">
    <subfield code="0">0</subfield>
    <subfield code="1">0</subfield>
    <subfield code="2">ddc</subfield>
    <subfield code="4">0</subfield>
    <subfield code="6">FOR_&#x1785;&#x1793;&#x1791;_1995_000000000000000_B121_OR_4</subfield>
    <subfield code="7">0</subfield>
    <subfield code="9">14578</subfield>
    <subfield code="a">LBB</subfield>
    <subfield code="b">LBB</subfield>
    <subfield code="c">B121</subfield>
    <subfield code="d">2015-11-04</subfield>
    <subfield code="o">FOR &#x1785;&#x17D0;&#x1793;&#x17D2;&#x1791; 1995 B121 Or.4</subfield>
    <subfield code="p">RUA010908</subfield>
    <subfield code="r">2015-11-04</subfield>
    <subfield code="w">2015-11-04</subfield>
    <subfield code="y">FOR</subfield>
  </datafield>
  <datafield tag="952" ind1=" " ind2=" ">
    <subfield code="0">0</subfield>
    <subfield code="1">0</subfield>
    <subfield code="2">ddc</subfield>
    <subfield code="4">0</subfield>
    <subfield code="6">FOR_&#x1785;&#x1793;&#x1791;_1995_000000000000000_B121_OR_5</subfield>
    <subfield code="7">0</subfield>
    <subfield code="9">14579</subfield>
    <subfield code="a">LBB</subfield>
    <subfield code="b">LBB</subfield>
    <subfield code="c">B121</subfield>
    <subfield code="d">2015-11-04</subfield>
    <subfield code="o">FOR &#x1785;&#x17D0;&#x1793;&#x17D2;&#x1791; 1995 B121 Or.5</subfield>
    <subfield code="p">RUA026434</subfield>
    <subfield code="r">2015-11-04</subfield>
    <subfield code="w">2015-11-04</subfield>
    <subfield code="y">FOR</subfield>
  </datafield>
</record>
